00532 2200181 4500001002100000005001500021035002500036090001900061245003800080260006100118300003400179008004100213082001200254084001900266250000600285650004100291990001800332YOGYA00000000009353520180528115649 a0010-081400000093252 aLM 053.931 Deu aDeutcshe Aussenpolitik :bJilid 3 aBerlin :bInstitut fur Internationale Beziehungen,c1964 a170-254 hlm. :bilus ;c24 cm180528 g 0 ger  a053.931 aLM 053.931 DEU a3 aTerbitan Berseri dalam Bahasa Jerman a38010-PD/A.08